All UEFA Cup Winner's Cup Finalists - Statistics

General Stats
  • This quiz has been taken 179 times
  • The average score is 50 of 78
Answer Stats
Answer % Correct
Barcelona
96%
Barcelona
96%
Barcelona
96%
Barcelona
96%
Barcelona
96%
Barcelona
96%
Real Madrid
94%
Real Madrid
94%
AC Milan
93%
AC Milan
93%
AC Milan
93%
Arsenal
92%
Arsenal
92%
Arsenal
92%
Bayern Munich
92%
Ajax
91%
Ajax
91%
Chelsea
91%
Chelsea
91%
Manchester United
91%
Paris Saint-Germain
90%
Paris Saint-Germain
90%
Juventus
89%
Borussia Dortmund
88%
Manchester City
84%
Atlético Madrid
81%
Atlético Madrid
81%
Atlético Madrid
81%
Porto
81%
Liverpool
80%
SS Lazio
78%
Tottenham Hotspur
76%
Valencia
76%
Rangers
73%
Rangers
73%
Rangers
73%
Everton
69%
Anderlecht
66%
Anderlecht
66%
Anderlecht
66%
Anderlecht
66%
Hamburger SV
65%
Hamburger SV
65%
AS Monaco
63%
Fiorentina
62%
Fiorentina
62%
Leeds United
61%
Parma
61%
Parma
61%
Dynamo Kyiv
58%
Dynamo Kyiv
58%
West Ham United
56%
West Ham United
56%
Aberdeen
53%
VfB Stuttgart
52%
Sampdoria
50%
Sampdoria
50%
Werder Bremen
50%
Rapid Wien
44%
Rapid Wien
44%
Real Zaragoza
41%
Sporting Lisbon
41%
Austria Wien
31%
1. FC Magdeburg
29%
Royal Antwerp
29%
Dinamo Tbilisi
27%
RCD Mallorca
27%
Standard Liège
27%
Ferencváros
24%
Slovan Bratislava
24%
Dynamo Moscow
23%
Carl Zeiss Jena
18%
Fortuna Düsseldorf
18%
Górnik Zabrze
18%
KV Mechelen
16%
1860 Munich
14%
MTK Budapest
11%
1. FC Lokomotive Leipzig
10%
No matching quizzes found
Score Distribution
Percent of People with Each Score
Percentile by Number Answered
Your Score History
You have not taken this quiz